The Weeknd Lyrics - Statistics

General Stats
  • This quiz has been taken 2,539 times
  • The average score is 9 of 28
Answer Stats
Hint Answer % Correct
She asked me if I do this everyday I said..... Often
89%
You know what I'm thinkin', see it in your eyes Die For You
68%
Bring the cups baby, I could bring the drank Wicked Games
68%
'Cause, girl, you're perfect, You're always worth it Earned It
57%
I switch up my cup, I kill any pain Starboy
57%
I'm just tryna get you out the friend zone The Hills
53%
Goddamn, bitch, I am not a Teen Choice Reminder
48%
I ran out of tears when I was 18 Sidewalks
41%
Its a dark philosophy and it haunts her constantly False Alarm
38%
Head be genius, dick game be the meanest Party Monster
37%
Scratching counter tops, I was screaming Stargirl Interlude
31%
Coz they warned me 'bout your type, girl, I've been ducking left and right Acquainted
30%
Dollar bills and tears keep falling down her face In The Night
30%
All the misery was necessary when we're deep in love Can't Feel My Face
27%
When it comes to money she play no games Six Feet Under
26%
Take it off, You want it off, 'Cause I know what you're feeling High For This
25%
I was too busy tryna find you with someone else Nothing Without You
24%
Devil on my lap and a cross on my neck Ordinary Life
24%
You see me texting, baby, you see those missed calls Rockin
19%
If they don’t let you in, You know where to find me XO/ The Host
17%
I'm just trying to get you high, And faded off this touch I Feel It Coming
16%
I catch you every time, In your lust, your lust Secrets
16%
We're the captains of our own souls Lust For Life
15%
I am the stuff that you want, I am the thing that you need D.D.
14%
And I’ma keep on smoking ’til I can’t hit another note Rolling Stone
14%
The ones that love me, I tend to leave behind Love Me Harder
9%
I'm a kid, so it's hard for me to hold money, baby The Fall
9%
I say that I would be nothing without your love Prisoner
7%
No matching quizzes found
Score Distribution
Percent of People with Each Score
Percentile by Number Answered
Your Score History
You have not taken this quiz